书目信息 |
| 题名: |
工程建设标准强制性条文(水利工程部分)2010年版实施指南
|
|
| 作者: | 杜雷功 , 温续余 , 刘志明 主编 ;水利部 编 | |
| 分册: | ||
| 出版信息: | 北京 中国水利水电出版社 2012 |
|
| 页数: | 397页 | |
| 开本: | 30cm | |
| 丛书名: | ||
| 单 册: | ||
| 中图分类: | TV-65 | |
| 科图分类: | ||
| 主题词: | 水利工程 , 水利工程--国家标准--中国--教材 | |
| 电子资源: | ||
| ISBN: | 978-7-5084-9577-4 | |
| 000 | 01218nam0 2200277 450 | |
| 001 | 140916 | |
| 005 | 20140930092254.70 | |
| 010 | @a978-7-5084-9577-4@dCNY 98.00 | |
| 100 | @a20120502d2012 em y0chiy50 ea | |
| 101 | 0 | @achi |
| 102 | @aCN@b110000 | |
| 105 | @ay z 000yy | |
| 200 | 1 | @a工程建设标准强制性条文(水利工程部分)2010年版实施指南@Agong cheng jian she biao zhun qiang zhi xing tiao wen ( shui li gong cheng bu fen ) 2010 nian ban shi shi zhi nan@b专著@f刘志明,杜雷功,温续余主编@g水利部国际合作与科技司[等]编 |
| 210 | @a北京@c中国水利水电出版社@d2012 | |
| 215 | @a397页@d30cm | |
| 300 | @a水利部指定宣贯辅导教材 | |
| 330 | @a本书包括《工程建设标准强制性条文(水利工程部分)》(2010年版)所有条文内容,并结合实际工程经验对条文进行了解释,阐述了作为强制性条文的缘由,针对条文执行过程中应注意的问题编写了检查要点和方法,并对部分条文进行了案例分析。 | |
| 606 | 0 | @a水利工程 |
| 606 | 0 | @a水利工程@x国家标准@y中国@j教材 |
| 690 | @aTV-65@v5 | |
| 701 | 0 | @a杜雷功@Adu lei gong@f(1960 )@4主编 |
| 701 | 0 | @a温续余@Awen xu yu@c(水力工程)@4主编 |
| 701 | 0 | @a刘志明@Aliu zhi ming@c(水力工程)@4主编 |
| 712 | 02 | @a水利部@Ashui li bu@b国际合作与科技司@4编 |
| 801 | 0 | @c20140930 |
| 905 | @a241430@dTV-65@eL734 | |
| 工程建设标准强制性条文(水利工程部分)2010年版实施指南/刘志明,杜雷功,温续余主编/水利部国际合作与科技司[等]编.-北京:中国水利水电出版社,2012 |
| 397页;30cm |
| 水利部指定宣贯辅导教材 |
| ISBN 978-7-5084-9577-4:CNY 98.00 |
| 本书包括《工程建设标准强制性条文(水利工程部分)》(2010年版)所有条文内容,并结合实际工程经验对条文进行了解释,阐述了作为强制性条文的缘由,针对条文执行过程中应注意的问题编写了检查要点和方法,并对部分条文进行了案例分析。 |
| ● |
| 相关链接 |
|
|
|
正题名:工程建设标准强制性条文(水利工程部分)2010
索取号:TV-65/L734
 
预约/预借
| 序号 | 登录号 | 条形码 | 馆藏地/架位号 | 状态 | 备注 |
| 1 | 0836465 | 208364651 | 市政与环境工程学院资料室/501自科库 47排3列2层/ [索取号:TV-65/L734] | 在馆 | |
| 2 | 0836466 | 208364660 | 自科库501/501自科库 47排3列2层/ [索取号:TV-65/L734] | 在馆 |